Consideraciones sobre la propuesta legislativa del PDC
Сохранить в:
| Формат: | Текст |
|---|---|
| Предметы: | |
| Метки: |
Добавить метку
Нет меток, Требуется 1-ая метка записи!
|
MARC
| LEADER | 00000 a a2200000 04500 | ||
|---|---|---|---|
| 001 | 6740 | ||
| 003 | |||
| 040 | |||
| 245 | |a Consideraciones sobre la propuesta legislativa del PDC | ||
| 650 | |a PARTIDOS POLITICOS | ||
| 650 | |a PODER LEGISLATIVO | ||
| 650 | |a PROBLEMAS POLITICOS | ||
| 650 | |a CONFLICTOS POLITICOS | ||
| 650 | |a RECESION ECONOMICA | ||
| 650 | |a DESARROLLO ECONOMICO | ||
| 650 | |a EL SALVADOR | ||
| 773 | |g volumen 26, número 1183; páginas 9-10 | ||
| 999 | |c 21955 |d 21955 | ||
